Biblioteca

Los relatos / Julio Cortázar (Registro nro. 40787)

Detalles MARC
000 -LÍDER
Campo fijo de descripción fija 003930000a22001570004500
001 - NÚMERO DE CONTROL
Campo de control 11519
020 ## - NÚMERO INTERNACIONAL NORMALIZADO PARA LIBROS
Número Internacional Normalizado del libro 84-206-1986-8
041 0# - CÓDIGO DE IDIOMA
Código de idioma para texto/pista de sonido o título separado
082 04 - NÚMERO DE CLASIFICACIÓN DECIMAL DEWEY
Número de clasificación G 863 C831r
100 1# - ASIENTO PRINCIPAL--NOMBRE PERSONAL
Nombre personal Cortázar, Julio (1914-1984)
245 10 - TÍTULO
Título del Material Los relatos / Julio Cortázar
250 ## - MENCIÓN DE EDICIÓN
Mención de edición 4
260 ## - PUBLICACIÓN, DISTRIBUCIÓN, ETC. (PIE DE IMPRENTA)
Lugar de publicación, distribución, etc. Madrid, España : Alianza
505 00 - NOTA DE CONTENIDO
Nota de contenido con formato preestablecido Tomo II : Juegos, 187 Pag. Tomo III : Pasajes, 222 Pag.
942 ## - TIPO DE MATERIAL (KOHA)
Tipo de Item KOHA Libros General
Existencias
Estado de Material Estado de Perdido Estado de Dañado No para Préstamo Colección Tomo Biblioteca de Origen Biblioteca Permanente Fecha de Adquisición Total de Préstamos Signatura Topográfica Código de Barras Última vez visto Ejemplar/Existencia Fecha de Remplazo Tipo de Material
        Colección General 2 Biblioteca FUSBC Biblioteca FUSBC 27/01/2005   G 863 C831r 10318 12/12/2019 1 26/01/2016 Libros General
        Colección General 3 Biblioteca FUSBC Biblioteca FUSBC 27/01/2005   G 863 C831r 10319 12/12/2019 1 26/01/2016 Libros General

Biblioteca FUSBC | Teléfono: (57+4) 349 88 10 Ext. 141| WhatsApp (+57) 3005338115 
E-mail: biblioteca@unisbc.edu.co | Calle 76 87-14 Robledo Palenque, Medellín, Colombia

Con tecnología Koha